000 00482nam a2200205Ia 4500
003 BUBTL
008 151213s9999 xx 000 0 und d
082 _a005.1PEM
100 _a Petroutsos,Evangelos
_9762
245 _aMastering Visual Basic 6
250 _a1st
260 _aNew Delhi
_bB.P.B
_cc2002
300 _a2260 p.
650 _aComputer
650 _aComputer
700 _aEvergelos Petroutsos
856 _k0
_l0
_yDownload
942 _2ddc
_cBK
999 _c1636
_d1636